=LDR 00000nam 2200000 4500 =001 INLIS000000000022173 =005 20130612120946 =008 ***********************************Ind** =035 ##$$0010-061300000022173 =041 ##$$a Ind =082 ##$$a 813k =090 ##$$a 813k, Suy s.2 =100 ##$$a SUYONO SUYATNO =245 ##$$a Sita dewi dalam penjara rawana =260 ##$$a 2007 $b Jakarta =300 ##$$a 57 hlm, ilus, 25 cm =650 ##$$a Dongeng =850 ##$$a NBPNMAT